[Event "Online Olym Top DivC 2020"]
[Site "chess.com INT"]
[Date "2020.08.21"]
[Round "2.3"]
[Board "1"]
[White "Solak, Dragan"]
[Black "Nepomniachtchi, Ian"]
[Result "1/2-1/2"]
[WhiteTitle "GM"]
[BlackTitle "GM"]
[WhiteElo "2594"]
[BlackElo "2784"]
[WhiteTeam "Turkey"]
[BlackTeam "Russia"]
[WhiteFideId "916811"]
[BlackFideId "4168119"]
[EventDate "2020.08.21"]
[EventType "team"]

1. e4 c5 2. g3 d5 3. exd5 Qxd5 4. Nf3 Bg4 5. Bg2 Nc6 6. h3 Bh5 7. d3 Nf6 8. g4
Bg6 9. Nh4 Qe6+ 10. Qe2 Qd7 11. Be3 e6 12. Nd2 Be7 13. Nxg6 hxg6 14. Ne4 Nd4 15.
Bxd4 cxd4 16. Nxf6+ gxf6 17. h4 Bb4+ 18. Kf1 Rc8 19. h5 gxh5 20. Rxh5 Ke7 21.
Rd5 Qc6 22. Rh5 Qb6 23. Qe4 Rxh5 24. gxh5 Rh8 25. a3 Bd2 26. Qxb7+ Qxb7 27. Bxb7
Rb8 28. Ke2 Bh6 29. Bc6 Rxb2 30. Ba4 Rb8 31. Bb3 f5 32. Rb1 Kf6 33. Ba2 Rc8 34.
Bc4 Rc7 35. a4 a5 36. Rb5 Ra7 37. Rb6 Rc7 38. Rb5 Ra7 39. Rb6 Kg5 40. Ra6 Rxa6
41. Bxa6 Kxh5 42. Bb5 Kg5 43. Bc6 Kf6 44. Bb5 Ke7 45. Bc6 Bg5 46. Bb5 Bh4 47.
Bc6 Kd6 48. Be8 f6 49. Bf7 Bg5 50. Bg8 Bc1 51. f3 Bh6 52. Bf7 Bf8 53. Bg8 Ke5
54. Bf7 Bb4 55. Bg8 Bc3 56. Bf7 Kd6 57. Bg8 e5 58. Bh7 f4 59. Kd1 Kc5 60. Bf5
Kb4 61. Bd7 Bb2 62. Kd2 f5 63. Kd1 Bc3 64. Ke2 Ka3 65. Kd1 Bb4 66. Ke2 Bc3 67.
Kd1 e4 68. Ke2 e3 69. Be8 Bb4 70. Bd7 Kb2 71. Be8 Kxc2 72. Bd7 1/2-1/2

[Event "Online Olym Top DivC 2020"]
[Site "chess.com INT"]
[Date "2020.08.21"]
[Round "2.3"]
[Board "3"]
[White "Atalik, Ekaterina"]
[Black "Lagno, Kateryna"]
[Result "0-1"]
[WhiteTitle "IM"]
[BlackTitle "GM"]
[WhiteElo "2450"]
[BlackElo "2546"]
[WhiteTeam "Turkey"]
[BlackTeam "Russia"]
[WhiteFideId "4130189"]
[BlackFideId "14109336"]
[EventDate "2020.08.21"]
[EventType "team"]

1. Nf3 Nf6 2. d4 g6 3. g3 Bg7 4. Bg2 O-O 5. O-O d5 6. Ne5 c5 7. dxc5 Qc7 8. Nd3
Nbd7 9. Nc3 Nxc5 10. Bf4 Qc6 11. Nb4 Qd7 12. Nbxd5 Nxd5 13. Nxd5 Ne6 14. c3 Nxf4
15. Nxf4 Qc7 16. Qb3 Rb8 17. Rfd1 Bg4 18. Nd5 Qe5 19. Qb4 h5 20. h3 Be6 21.
Nxe7+ Kh7 22. e3 Rfd8 23. Rxd8 Rxd8 24. Qxb7 Rb8 25. Nc6 Rxb7 26. Nxe5 Rxb2 27.
Nc6 a6 28. a4 Bxc3 29. Rc1 Bd2 30. Ra1 Bc3 31. a5 Rb5 32. Rc1 Bd2 33. Rc2 Bxa5
34. Bf1 Rb1 35. Nxa5 Bxh3 36. Rc7 Kg7 37. Nc6 Rxf1+ 38. Kh2 Be6 39. Kg2 Rc1 40.
e4 a5 41. Kf3 a4 42. Ke3 a3 0-1

[Event "Online Olym Top DivC 2020"]
[Site "chess.com INT"]
[Date "2020.08.21"]
[Round "2.3"]
[Board "4"]
[White "Goryachkina, Aleksandra"]
[Black "Ozturk, Kubra"]
[Result "1-0"]
[WhiteTitle "GM"]
[BlackTitle "WGM"]
[WhiteElo "2582"]
[BlackElo "2330"]
[WhiteTeam "Russia"]
[BlackTeam "Turkey"]
[WhiteFideId "4147103"]
[BlackFideId "6302599"]
[EventDate "2020.08.21"]
[EventType "team"]

1. d4 d5 2. Bf4 Nf6 3. Nc3 e6 4. Nb5 Na6 5. e3 Be7 6. Nf3 O-O 7. h4 Ne4 8. Bd3
c6 9. Nc3 f5 10. Ne2 Nb4 11. a3 Nxd3+ 12. cxd3 Nd6 13. Rc1 Nf7 14. Qd2 Bd7 15.
h5 Bf6 16. Bg3 a5 17. Ne5 a4 18. Nxf7 Rxf7 19. Be5 b5 20. Bxf6 Qxf6 21. f4 Be8
22. Qb4 Qd8 23. Kd2 Rb7 24. Rc5 Rab8 25. Ng1 g5 26. hxg6 hxg6 27. Nf3 Rc8 28.
Rcc1 Qe7 29. Rc5 Rcc7 30. Ng5 Qf6 31. Rh3 Rg7 32. Ke2 Qe7 33. Qe1 Bd7 34. Qh4
Kf8 35. Qh8+ Rg8 36. Nh7+ Kf7 37. Qe5 Rg7 38. Ng5+ Kg8 39. Rc1 Kf8 40. Rh8+ Rg8
41. Rch1 Qg7 42. Qxg7+ 1-0

[Event "Online Olym Top DivC 2020"]
[Site "chess.com INT"]
[Date "2020.08.21"]
[Round "2.3"]
[Board "5"]
[White "Gokerkan, Cem Kaan"]
[Black "Esipenko, Andrey"]
[Result "0-1"]
[WhiteTitle "IM"]
[BlackTitle "GM"]
[WhiteElo "2461"]
[BlackElo "2682"]
[WhiteTeam "Turkey"]
[BlackTeam "Russia"]
[WhiteFideId "6336760"]
[BlackFideId "24175439"]
[EventDate "2020.08.21"]
[EventType "team"]

1. e4 e5 2. Nf3 Nc6 3. Bc4 Bc5 4. c3 Nf6 5. d3 O-O 6. Nbd2 d6 7. Bb3 a5 8. O-O
h6 9. h3 Re8 10. Re1 Be6 11. Nf1 Bxb3 12. Qxb3 a4 13. Qc2 d5 14. Be3 Bf8 15. a3
dxe4 16. dxe4 Qd7 17. Rad1 Qe6 18. Bc1 Nb8 19. Ne3 c6 20. Nf5 Nbd7 21. Be3 Kh7
22. g4 g6 23. Ng3 Nc5 24. Kg2 Nfd7 25. Rd2 Nb3 26. Rdd1 Ndc5 27. Qe2 Na5 28. h4
Nc4 29. Bxc5 Bxc5 30. h5 Be7 31. Rh1 Kg7 32. Nh4 Bxh4 33. Rxh4 Rad8 34. Rxd8
Rxd8 35. Nf5+ gxf5 36. gxf5 Qf6 37. Rg4+ Kh7 38. Qxc4 b5 39. Qe2 Rg8 40. Rg3 Rg5
41. Qd1 Qe7 42. Qf3 Qf6 43. Qd1 Qe7 44. Qf3 Qf6 45. Qe3 Rxh5 46. Rh3 Rh4 47.
Rxh4 Qxh4 48. Qd3 Qg4+ 49. Kf1 Kg7 50. f3 Qg3 51. Ke2 Qg2+ 52. Ke3 Qxb2 53. f6+
Kg6 54. Qd8 Qxc3+ 55. Ke2 Qb2+ 56. Kf1 Qxa3 57. Qg8+ Kxf6 58. Qh8+ Ke6 59. Qe8+
Qe7 60. Qxc6+ Qd6 61. Qxb5 a3 62. Qe8+ Kf6 63. Qh8+ Ke7 64. Qa8 Qd1+ 65. Kg2
Qd2+ 66. Kh3 a2 67. Qa7+ Kf6 68. Qa6+ Kg7 69. Qf1 Qb2 70. Qg1+ Kf6 71. Qg8 a1=Q
72. Qh8+ Ke7 0-1

[Event "Online Olym Top DivC 2020"]
[Site "chess.com INT"]
[Date "2020.08.21"]
[Round "2.3"]
[Board "6"]
[White "Shuvalova, Polina"]
[Black "Caglar, Sila"]
[Result "1-0"]
[WhiteTitle "WGM"]
[BlackTitle "WIM"]
[WhiteElo "2454"]
[BlackElo "2250"]
[WhiteTeam "Russia"]
[BlackTeam "Turkey"]
[WhiteFideId "24171760"]
[BlackFideId "6364063"]
[EventDate "2020.08.21"]
[EventType "team"]

1. e4 c5 2. Nf3 e6 3. g3 Nc6 4. Bg2 e5 5. O-O Nf6 6. Re1 Be7 7. c3 d6 8. h3 O-O
9. d4 cxd4 10. cxd4 Qb6 11. d5 Nb4 12. a3 Na6 13. b4 Bd7 14. Be3 Qc7 15. Nbd2
Rac8 16. Qe2 b5 17. Nh2 Qb7 18. Nb3 Rc3 19. Na5 Qb8 20. Rec1 Rfc8 21. Nc6 R3xc6
22. dxc6 Bxc6 23. Rc3 Bxe4 24. Bxa7 1-0

[Event "Online Olym Top DivC 2020"]
[Site "chess.com INT"]
[Date "2020.08.21"]
[Round "2.4"]
[Board "1"]
[White "Saric, Ivan"]
[Black "Adams, Michael"]
[Result "1-0"]
[WhiteTitle "GM"]
[BlackTitle "GM"]
[WhiteElo "2646"]
[BlackElo "2706"]
[WhiteTeam "Croatia"]
[BlackTeam "England"]
[WhiteFideId "14508150"]
[BlackFideId "400041"]
[EventDate "2020.08.21"]
[EventType "team"]

1. e4 e5 2. Nf3 Nc6 3. Bb5 a6 4. Ba4 Nf6 5. O-O Be7 6. Re1 b5 7. Bb3 O-O 8. c3
d5 9. exd5 Nxd5 10. Nxe5 Nxe5 11. Rxe5 c6 12. d3 Bd6 13. Re1 Bf5 14. Qf3 Bg6 15.
g3 Re8 16. Rxe8+ Qxe8 17. Nd2 Qe1+ 18. Nf1 Re8 19. Bd1 a5 20. Bd2 Qe5 21. a4 b4
22. Bb3 Rb8 23. Re1 Qf5 24. Qxf5 Bxf5 25. c4 Nc7 26. c5 Bxc5 27. Bf4 Re8 28. Rc1
Bb6 29. Rxc6 Na8 30. Ne3 Bxd3 31. h4 h5 32. Bd5 Bd4 33. Rd6 Bxb2 34. Bxa8 Rxa8
35. Rxd3 Rc8 36. Rd5 Rc1+ 37. Kg2 Bc3 38. Nd1 1-0

[Event "Online Olym Top DivC 2020"]
[Site "chess.com INT"]
[Date "2020.08.21"]
[Round "2.4"]
[Board "2"]
[White "McShane, Luke J"]
[Black "Bosiocic, Marin"]
[Result "0-1"]
[WhiteTitle "GM"]
[BlackTitle "GM"]
[WhiteElo "2680"]
[BlackElo "2606"]
[WhiteTeam "England"]
[BlackTeam "Croatia"]
[WhiteFideId "404853"]
[BlackFideId "14507927"]
[EventDate "2020.08.21"]
[EventType "team"]

1. e4 d6 2. g3 d5 3. exd5 Qxd5 4. Qf3 Nf6 5. Bg2 Qxf3 6. Nxf3 Nc6 7. d4 Nb4 8.
Na3 Bf5 9. c3 Nd3+ 10. Ke2 Nxc1+ 11. Rhxc1 e6 12. Nb5 Bd6 13. Ne5 Be4 14. f3 Bg6
15. f4 Be4 16. Bxe4 Nxe4 17. Kf3 f5 18. Nd3 a6 19. Nxd6+ cxd6 20. Nf2 Nf6 21. c4
Rc8 22. b4 Kd7 23. a4 Rc7 24. c5 Rhc8 25. Nd3 Ne4 26. Ra2 b6 27. Rac2 a5 28.
bxa5 bxc5 29. dxc5 dxc5 30. Ne5+ Ke7 31. Nc4 Rb8 32. Nb6 Ra7 33. Rb1 Rxa5 34.
Nd5+ exd5 35. Rxb8 Rxa4 36. Rcb2 d4 37. R2b7+ Kd6 38. Rd8+ Kc6 39. Rxg7 Ra3+ 40.
Kg2 d3 41. Rxh7 Ra2+ 42. Kf3 Rf2+ 43. Ke3 Re2+ 44. Kxd3 Rd2+ 45. Ke3 Rxd8 46. g4
Nf6 47. Rh6 Rd6 0-1

[Event "Online Olym Top DivC 2020"]
[Site "chess.com INT"]
[Date "2020.08.21"]
[Round "2.4"]
[Board "3"]
[White "Franciskovic, Borka"]
[Black "Houska, Jovanka"]
[Result "1-0"]
[WhiteTitle "WIM"]
[BlackTitle "IM"]
[WhiteElo "2250"]
[BlackElo "2381"]
[WhiteTeam "Croatia"]
[BlackTeam "England"]
[WhiteFideId "14507943"]
[BlackFideId "405094"]
[EventDate "2020.08.21"]
[EventType "team"]

1. Nf3 d5 2. g3 Nf6 3. Bg2 c6 4. O-O Bf5 5. d3 e6 6. c4 dxc4 7. dxc4 Nbd7 8. Nc3
h6 9. b3 Bc5 10. Bb2 O-O 11. Qd2 Qe7 12. Rad1 Rfd8 13. Qc1 Nb6 14. h3 a5 15. a4
Bh7 16. Ne5 Qc7 17. Nb1 Bf5 18. Nd2 Nbd7 19. Nxd7 Nxd7 20. Qc3 Nf6 21. Ne4 Bxe4
22. Bxe4 Rxd1 23. Rxd1 Bxf2+ 24. Kg2 Rd8 25. Rxd8+ Qxd8 26. Bf3 Bc5 27. Qd3 Qe7
28. Qd2 Bb4 29. Qd4 Qc7 30. Qd3 Be7 31. Qd2 Nd7 32. Bc3 b6 33. Qe3 1-0

[Event "Online Olym Top DivC 2020"]
[Site "chess.com INT"]
[Date "2020.08.21"]
[Round "2.4"]
[Board "4"]
[White "Hunt, Harriet V"]
[Black "Medic, Mirjana"]
[Result "1-0"]
[WhiteTitle "IM"]
[BlackTitle "WGM"]
[WhiteElo "2414"]
[BlackElo "2207"]
[WhiteTeam "England"]
[BlackTeam "Croatia"]
[WhiteFideId "403512"]
[BlackFideId "14501619"]
[EventDate "2020.08.21"]
[EventType "team"]

1. e4 e6 2. d4 d5 3. Nd2 Nf6 4. e5 Nfd7 5. Bd3 c5 6. c3 Nc6 7. Ne2 cxd4 8. cxd4
f6 9. exf6 Nxf6 10. Nf3 Bd6 11. O-O Qc7 12. Be3 O-O 13. h3 Bd7 14. Rc1 Rae8 15.
a3 Qd8 16. b4 a6 17. Bb1 e5 18. dxe5 Nxe5 19. Nxe5 Bxe5 20. Nd4 Qe7 21. Re1 Ne4
22. Nf3 Bb8 23. Qxd5+ Qf7 24. Bxe4 1-0

[Event "Online Olym Top DivC 2020"]
[Site "chess.com INT"]
[Date "2020.08.21"]
[Round "2.4"]
[Board "5"]
[White "Livaic, Leon"]
[Black "Wadsworth, Matthew J"]
[Result "1-0"]
[WhiteTitle "IM"]
[BlackTitle "IM"]
[WhiteElo "2507"]
[BlackElo "2416"]
[WhiteTeam "Croatia"]
[BlackTeam "England"]
[WhiteFideId "14531534"]
[BlackFideId "415804"]
[EventDate "2020.08.21"]
[EventType "team"]

1. d4 Nf6 2. c4 c5 3. d5 e6 4. Nc3 exd5 5. cxd5 d6 6. e4 g6 7. f3 Bg7 8. Bg5 O-O
9. Qd2 a6 10. a4 Re8 11. Nge2 Nbd7 12. Ng3 Qa5 13. Ra3 Ne5 14. Be2 Qb4 15. O-O
Nc4 16. Bxc4 Qxc4 17. a5 Bd7 18. Qf4 Qd4+ 19. Kh1 h6 20. Bxh6 Re5 21. Bxg7 Kxg7
22. Rd1 Qb4 23. Qd2 Nh5 24. Nce2 Bb5 25. Nxh5+ Rxh5 26. Ng3 Rhh8 27. Qc3+ f6 28.
Rb3 Qxc3 29. bxc3 b6 30. Rc1 bxa5 31. c4 a4 32. Rbb1 Rhb8 33. cxb5 axb5 34. Nf1
a3 35. Nd2 a2 36. Ra1 Ra3 37. Rc2 Rba8 38. Rb2 b4 39. Kg1 R8a6 40. Kf2 Kf8 41.
Ke2 Ke7 42. h4 f5 43. Kd1 fxe4 44. Nxe4 b3 45. Kd2 Rb6 46. Kc3 Rb5 47. Nd2 c4
48. Nxc4 Ra4 49. Rxb3 Rc5 50. Rb4 Ra3+ 51. Kb2 Rd3 52. Rxa2 Rdxd5 53. Kc3 Rh5
54. Re2+ Kf8 55. Kd3 Rxh4 56. Rb8+ Kg7 57. Rb7+ Kf6 58. Ne3 Ra4 59. Ng4+ Kg5 60.
Ke3 d5 61. Rd7 Rc3+ 62. Kf2 d4 63. Re5+ 1-0

[Event "Online Olym Top DivC 2020"]
[Site "chess.com INT"]
[Date "2020.08.21"]
[Round "2.4"]
[Board "6"]
[White "Jaufarally, Nadia"]
[Black "Cvitan, Ena"]
[Result "0-1"]
[BlackTitle "FM"]
[WhiteElo "1905"]
[BlackElo "2242"]
[WhiteTeam "England"]
[BlackTeam "Croatia"]
[WhiteFideId "443727"]
[BlackFideId "14534215"]
[EventDate "2020.08.21"]
[EventType "team"]

1. e4 c6 2. d4 d5 3. Nc3 dxe4 4. Nxe4 Nf6 5. Nxf6+ exf6 6. c3 Bd6 7. Bd3 O-O 8.
Qc2 Re8+ 9. Ne2 h6 10. Be3 Be6 11. O-O-O Nd7 12. Kb1 Nf8 13. c4 Rb8 14. h3 b5
15. c5 Bc7 16. g4 Bd5 17. Rhg1 Bh2 18. h4 Bxg1 19. Rxg1 Qe7 20. Ng3 Qe6 21. b3
Qxg4 22. Qc1 Ng6 23. h5 Nh4 24. Nf5 Ng2 25. Bxh6 Be4 26. Bxe4 Qxe4+ 27. Qc2
Qxc2+ 28. Kxc2 Re2+ 29. Kd1 Rxf2 30. Bxg7 Rxa2 31. Rf1 Ra1+ 32. Ke2 Rxf1 33.
Kxf1 Ne3+ 34. Nxe3 Kxg7 35. Ke2 Re8 36. Kf3 Kh6 37. Ng4+ Kg5 38. h6 Rd8 39. h7
Kg6 40. Ke4 f5+ 0-1

[Event "Online Olym Top DivC 2020"]
[Site "chess.com INT"]
[Date "2020.08.21"]
[Round "2.5"]
[Board "1"]
[White "Nassr, Ali"]
[Black "Tissir, Mohamed"]
[Result "1/2-1/2"]
[WhiteTitle "IM"]
[BlackTitle "IM"]
[WhiteElo "2232"]
[BlackElo "2379"]
[WhiteTeam "Algeria"]
[BlackTeam "Morocco"]
[WhiteFideId "7900520"]
[BlackFideId "9000240"]
[EventDate "2020.08.21"]
[EventType "team"]

1. d4 e6 2. Nf3 Ne7 3. h3 Ng6 4. c4 c5 5. e3 a6 6. Nc3 Be7 7. Bd3 O-O 8. O-O d6
9. b3 Nd7 10. Bb2 Re8 11. a3 b6 12. Be4 Rb8 13. b4 Qc7 14. dxc5 dxc5 15. b5 Rd8
16. Qb3 a5 17. Rad1 Bb7 18. Bxb7 Qxb7 19. Na4 Nf6 20. Be5 Rbc8 21. Rxd8+ Rxd8
22. Rd1 Rxd1+ 23. Qxd1 Nd7 24. Bg3 f6 25. Nc3 Kf7 26. h4 h6 27. Qd3 h5 28. Ne4
e5 29. Nc3 Ngf8 30. Nd2 g6 31. Nde4 Ne6 1/2-1/2

[Event "Online Olym Top DivC 2020"]
[Site "chess.com INT"]
[Date "2020.08.21"]
[Round "2.5"]
[Board "2"]
[White "Onkoud, Abdelaziz"]
[Black "Achour, Mohamed Anis"]
[Result "0-1"]
[WhiteTitle "IM"]
[WhiteElo "2314"]
[BlackElo "2006"]
[WhiteTeam "Morocco"]
[BlackTeam "Algeria"]
[WhiteFideId "9000283"]
[BlackFideId "7904649"]
[EventDate "2020.08.21"]
[EventType "team"]

1. c4 e6 2. Nf3 d5 3. b3 Nf6 4. Bb2 Be7 5. g3 O-O 6. Bg2 c5 7. cxd5 Nxd5 8. O-O
Nc6 9. Nc3 Bf6 10. Qc1 b6 11. Ne4 Bxb2 12. Qxb2 Bb7 13. Rfd1 Qe7 14. Rac1 Rac8
15. Qa3 Rfd8 16. d3 h6 17. Qb2 Rd7 18. d4 cxd4 19. Nxd4 Nxd4 20. Rxc8+ Bxc8 21.
Rxd4 Bb7 22. Qd2 Rc7 23. Rc4 Ba6 24. Rxc7 Qxc7 25. f4 f5 26. Nf2 Qc3 27. Qxc3
Nxc3 28. e4 Nxa2 29. exf5 exf5 30. Bd5+ Kf8 31. Nd1 Nb4 32. Be6 g6 33. Kf2 Ke7
34. Bg8 Nd3+ 35. Ke3 Nc5 36. Nc3 Bb7 37. Nb5 a6 38. Nd4 Ne4 39. Bc4 Nf6 40. Be2
b5 41. h3 Nd5+ 42. Kd3 Kd6 43. Nf3 Nb4+ 44. Kd4 Bxf3 45. Bxf3 Nc6+ 46. Kc3 Kc5
47. Be2 a5 48. g4 Nd4 49. Bd1 Ne6 50. gxf5 gxf5 51. Bc2 Nxf4 52. Bxf5 b4+ 53.
Kd2 Kd4 54. Bd7 Nd5 55. Be6 Nc3 56. Bf7 Ne4+ 57. Ke2 Ng5 58. Bg8 Nxh3 59. Kf3
Ng5+ 0-1

[Event "Online Olym Top DivC 2020"]
[Site "chess.com INT"]
[Date "2020.08.21"]
[Round "2.5"]
[Board "3"]
[White "Abdi, Zineb Dina"]
[Black "Alaoui Belghiti, Chaimaa"]
[Result "1/2-1/2"]
[WhiteTitle "WIM"]
[BlackTitle "WFM"]
[WhiteElo "1926"]
[BlackElo "1703"]
[WhiteTeam "Algeria"]
[BlackTeam "Morocco"]
[WhiteFideId "7900880"]
[BlackFideId "9002375"]
[EventDate "2020.08.21"]
[EventType "team"]

1. e4 c6 2. d4 d5 3. Nc3 dxe4 4. Nxe4 Bf5 5. Ng3 Bg6 6. Nf3 Nd7 7. h4 h6 8. h5
Bh7 9. Bd3 Bxd3 10. Qxd3 Qc7 11. Bd2 e6 12. O-O-O O-O-O 13. Kb1 Ngf6 14. Ne4 Nc5
15. Nxc5 Bxc5 16. c3 Bb6 17. g3 Rd5 18. Bf4 Qe7 19. Ne5 Bc7 20. Qe2 Ra5 21. Rhe1
Rd8 22. g4 Nd5 23. Bd2 Ra6 24. c4 Nb6 25. Bc3 Na4 26. Rd3 Rb6 27. Rc1 Qa3 28.
Ka1 Nxb2 29. Bxb2 Rxb2 30. Rxa3 Rxe2 31. Nxf7 Rxd4 32. Rxa7 Kb8 33. Ra3 Rdd2 34.
f3 Be5+ 35. Nxe5 Rxe5 36. Kb1 Ree2 37. Rf1 Rb2+ 38. Ka1 Rbc2 39. Ra4 Rcd2 40.
Kb1 Rb2+ 41. Ka1 Rbd2 42. Kb1 Rb2+ 43. Ka1 Rbd2 1/2-1/2

[Event "Online Olym Top DivC 2020"]
[Site "chess.com INT"]
[Date "2020.08.21"]
[Round "2.5"]
[Board "5"]
[White "Brahami, Lamine"]
[Black "Hadj Kholti, Yasser"]
[Result "0-1"]
[WhiteTitle "FM"]
[WhiteElo "2194"]
[BlackElo "1871"]
[WhiteTeam "Algeria"]
[BlackTeam "Morocco"]
[WhiteFideId "7905637"]
[BlackFideId "9003258"]
[EventDate "2020.08.21"]
[EventType "team"]

1. d4 Nf6 2. c4 e6 3. Nf3 d5 4. Nc3 Be7 5. Bg5 O-O 6. e3 b6 7. cxd5 Nxd5 8. Bxe7
Qxe7 9. Bd3 Bb7 10. O-O Nd7 11. Rc1 c5 12. Re1 Rac8 13. Qa4 a6 14. Nxd5 exd5 15.
Bf5 Rfd8 16. Red1 g6 17. Bxd7 Rxd7 18. h4 h5 19. Rc3 c4 20. Ne5 Rdc7 21. g3 b5
22. Qa5 Kg7 23. Rdc1 f6 24. Nd3 Kh6 25. Nc5 Rxc5 26. dxc5 d4 27. exd4 Qe4 28. f3
Qxd4+ 29. Kg2 Qd2+ 30. Kh3 Bxf3 31. Rxf3 Qxa5 32. Rxf6 Rxc5 33. Rd1 Qxa2 34.
Rdd6 Qb1 35. Kh2 Re5 36. Rf2 Re1 37. Rd8 Rh1+ 38. Kg2 Qe4+ 39. Rf3 Re1 40. Rh8+
Kg7 41. Rf8 Re2+ 42. Kg1 Qd4+ 43. Kh1 Re1+ 44. Kg2 Qg1+ 45. Kh3 Qh1# 0-1

[Event "Online Olym Top DivC 2020"]
[Site "chess.com INT"]
[Date "2020.08.21"]
[Round "3.1"]
[Board "1"]
[White "Tissir, Mohamed"]
[Black "Amin, Bassem"]
[Result "0-1"]
[WhiteTitle "IM"]
[BlackTitle "GM"]
[WhiteElo "2379"]
[BlackElo "2686"]
[WhiteTeam "Morocco"]
[BlackTeam "Egypt"]
[WhiteFideId "9000240"]
[BlackFideId "10601457"]
[EventDate "2020.08.21"]
[EventType "team"]

1. e4 e5 2. Nf3 Nc6 3. Bc4 Nf6 4. d3 h6 5. c3 d6 6. Bb3 g6 7. Nbd2 Bg7 8. Nf1
O-O 9. Ng3 d5 10. Qe2 Be6 11. O-O Qd6 12. Re1 Rad8 13. h3 Rfe8 14. Ba4 a6 15.
Be3 b5 16. Bc2 d4 17. cxd4 exd4 18. Bd2 Nd7 19. Nh2 Nb4 20. Bb1 c5 21. a3 Nc6
22. f4 c4 23. Qf2 f5 24. exf5 gxf5 25. Nh5 Bh8 26. Qg3+ Kh7 27. dxc4 bxc4 28.
Ng4 d3 29. Nxh6 Kxh6 30. Qg5+ Kh7 31. Qh4 Kg8 32. Ba2 Bf7 33. Bxc4 Bxc4 34. Qg5+
Kf8 35. Qxf5+ Bf7 36. Rac1 Rxe1+ 37. Rxe1 Qc5+ 0-1

[Event "Online Olym Top DivC 2020"]
[Site "chess.com INT"]
[Date "2020.08.21"]
[Round "3.1"]
[Board "2"]
[White "Adly, Ahmed"]
[Black "Onkoud, Abdelaziz"]
[Result "1-0"]
[WhiteTitle "GM"]
[BlackTitle "IM"]
[WhiteElo "2615"]
[BlackElo "2314"]
[WhiteTeam "Egypt"]
[BlackTeam "Morocco"]
[WhiteFideId "10601619"]
[BlackFideId "9000283"]
[EventDate "2020.08.21"]
[EventType "team"]

1. Nf3 d6 2. d4 Bg4 3. e4 e6 4. h3 Bh5 5. Nc3 c6 6. d5 exd5 7. exd5 Nf6 8. Be2
Be7 9. O-O O-O 10. Nd4 Bxe2 11. Qxe2 Re8 12. Qf3 c5 13. Nf5 Bf8 14. Bg5 Nbd7 15.
Qg3 Ne5 16. Nh6+ Kh8 17. Qxe5 Rxe5 18. Nxf7+ Kg8 19. Nxd8 Rxd8 20. f4 Re3 21.
Bxf6 gxf6 22. Rae1 Rxe1 23. Rxe1 Kf7 24. Re6 f5 25. Nd1 Bg7 26. c3 b5 27. Ne3 b4
28. Nxf5 bxc3 29. bxc3 Bxc3 30. Kf1 Rb8 31. Nxd6+ Kf8 32. Ne4 Bd4 33. d6 c4 34.
d7 c3 35. Rc6 Rd8 36. Nxc3 Rxd7 37. Ke2 Kg7 38. Ne4 Bb6 39. Rd6 Rc7 40. Kf3 Rc2
41. Rd2 Rc1 42. Kg4 Rc4 43. Rd7+ Kg6 44. Rd6+ Kg7 45. Kf5 Ra4 46. Rd7+ Kh6 47.
g4 Ra5+ 48. Kf6 1-0

[Event "Online Olym Top DivC 2020"]
[Site "chess.com INT"]
[Date "2020.08.21"]
[Round "3.1"]
[Board "3"]
[White "Alaoui Belghiti, Chaimaa"]
[Black "Mona, Khaled"]
[Result "0-1"]
[WhiteTitle "WFM"]
[BlackTitle "WGM"]
[WhiteElo "1703"]
[BlackElo "2127"]
[WhiteTeam "Morocco"]
[BlackTeam "Egypt"]
[WhiteFideId "9002375"]
[BlackFideId "10605908"]
[EventDate "2020.08.21"]
[EventType "team"]

1. c4 Nf6 2. Nc3 g6 3. g3 Bg7 4. Bg2 O-O 5. Nf3 c6 6. O-O d5 7. cxd5 cxd5 8. d4
Nc6 9. Bf4 h6 10. Ne5 g5 11. Nxc6 bxc6 12. Be5 Qb6 13. Qd2 Ba6 14. Rfe1 Qa5 15.
Qc2 Bb5 16. e4 Rac8 17. Bh3 e6 18. Bg2 Rfd8 19. Qd1 dxe4 20. Bxf6 Bxf6 21. Rxe4
c5 22. Qh5 Bg7 23. Nxb5 Qxb5 24. Ree1 cxd4 25. b3 d3 26. Rad1 d2 27. Re3 Rc1 28.
Bf3 Rdc8 29. Re4 Qd3 30. Re3 Qg6 31. Qxg6 fxg6 32. Rxe6 Rxd1+ 33. Bxd1 Rc1 34.
Re8+ Kf7 0-1

[Event "Online Olym Top DivC 2020"]
[Site "chess.com INT"]
[Date "2020.08.21"]
[Round "3.1"]
[Board "4"]
[White "Moaataz, Ayah"]
[Black "Mayar ElIdrissi, Firdaous"]
[Result "1-0"]
[WhiteTitle "WIM"]
[WhiteElo "2028"]
[BlackElo "1760"]
[WhiteTeam "Egypt"]
[BlackTeam "Morocco"]
[WhiteFideId "10615873"]
[BlackFideId "9001727"]
[EventDate "2020.08.21"]
[EventType "team"]

1. c4 c5 2. g3 Nc6 3. Bg2 Nf6 4. Nc3 g6 5. d3 Bg7 6. e4 d6 7. Nge2 a6 8. a3 Bd7
9. Rb1 Rb8 10. b4 cxb4 11. axb4 b5 12. cxb5 axb5 13. O-O O-O 14. h3 Qc7 15. Be3
Rfc8 16. Qd2 Be8 17. f4 e6 18. g4 Ne7 19. Kh1 Nxg4 20. hxg4 Bxc3 21. Qd1 Bg7 22.
Rc1 Qd8 23. f5 exf5 24. gxf5 gxf5 25. exf5 Bf6 26. Ng3 Rxc1 27. Bxc1 Bc6 28. Nh5
Bxg2+ 29. Kxg2 Bc3 30. Bh6 Qd7 31. Qg4+ Ng6 32. Kh3 Kh8 33. Rc1 Bb2 34. Rc2 Qa7
35. Rxb2 Rg8 36. Qg5 Ne5 37. Qf6+ 1-0

[Event "Online Olym Top DivC 2020"]
[Site "chess.com INT"]
[Date "2020.08.21"]
[Round "3.1"]
[Board "5"]
[White "Hadj Kholti, Yasser"]
[Black "Fawzy, Adham"]
[Result "1-0"]
[BlackTitle "GM"]
[WhiteElo "1871"]
[BlackElo "2467"]
[WhiteTeam "Morocco"]
[BlackTeam "Egypt"]
[WhiteFideId "9003258"]
[BlackFideId "10613129"]
[EventDate "2020.08.21"]
[EventType "team"]

1. e4 c5 2. Nf3 Nc6 3. d4 cxd4 4. Nxd4 e5 5. Nb5 d6 6. N1c3 a6 7. Na3 b5 8. Nd5
Nge7 9. c4 Nd4 10. Bd3 Nxd5 11. cxd5 g6 12. O-O Bg7 13. Nc2 Bd7 14. Nxd4 exd4
15. b3 O-O 16. Bb2 Re8 17. Qd2 Qb6 18. Rac1 Rac8 19. h3 a5 20. Rxc8 Rxc8 21. Rc1
Rc5 22. Ba3 Rc3 23. Bb2 b4 24. Bxc3 dxc3 25. Qe2 Bd4 26. Rf1 a4 27. Kh2 Kg7 28.
f4 f6 29. g4 Be3 30. Rf3 Bd4 31. Rf1 a3 32. h4 h6 33. h5 g5 34. e5 dxe5 35. Qe4
f5 36. gxf5 gxf4 37. Rxf4 Bg1+ 38. Kh1 Qe3 39. Rg4+ Kf8 40. Qg2 Bf2 41. Rg8+ Kf7
42. Qg7# 1-0